Reading Material for workshop on selected topics in engineering geology/geotechnical engineering (Record no. 674)
[ view plain ]
| 000 -LEADER | |
|---|---|
| fixed length control field | 00348 a2200097 4500 |
| 082 ## - DEWEY DECIMAL CLASSIFICATION NUMBER | |
| Classification number | 552 SHA |
| 100 ## - MAIN ENTRY--PERSONAL NAME | |
| Personal name | Abdul Shakoor |
| 245 ## - TITLE STATEMENT | |
| Title | Reading Material for workshop on selected topics in engineering geology/geotechnical engineering |
| Statement of responsibility, etc. | Abdul Shakoor |
| 260 ## - PUBLICATION, DISTRIBUTION, ETC. | |
| Place of publication, distribution, etc. | Lahore: |
| Name of publisher, distributor, etc. | Hosted by civil engineering deptt UET lhr, |
| 300 ## - PHYSICAL DESCRIPTION | |
| Extent | 411p. : |
| Other physical details | ill, ; |
| Dimensions | 29 cm. |
| 650 ## - SUBJECT ADDED ENTRY--TOPICAL TERM | |
| Topical term or geographic name entry element | sponserd by HEC |
| Withdrawn status | Lost status | Damaged status | Not for loan | Permanent Location | Current Location | Shelving location | Date acquired | Total Checkouts | Full call number | Barcode | Date last seen | Price effective from | Koha item type |
|---|---|---|---|---|---|---|---|---|---|---|---|---|---|
| School of Civil and Environmental Engineering (SCEE) | School of Civil and Environmental Engineering (SCEE) | 552 SHA | NIT-3648 | 01/05/2017 | 01/05/2017 | Book |
